00659nam a2200157 a 450000100100000000500170001000800410002704000250006808200160009310000340010924500920014326000560023530000200029195201730031199900170048400002182220200930011449.0100913s1948 cu r 000 0 spa d aDO-SdBNPbspacBNPHU axxxxbS237c1 aSantovenia, Emeterio S.9453210aCentenario y panegírico de Federico Henríquez y Carvajal /cEmeterio S. Santovenia. aLa Habana :bEdiciones Oficiales del Senado,c1948. a76 p. ;c19 cm. 001050718RVaPDbPDcHDd2010-09-13iLF1l0oxxxx S237cp21822-10r2020-06-25w2020-06-25y1zPerteneció a la biblioteca personal de Martínez Boog.ZNo se presta c21320d21320